Die Nierderlandischen Maler des 17 Jahrhunderts (Record no. 5217)

MARC details
000 -CABECERA
campo de control de longitud fija 00909nam a2200277 a 4500
001 - NÚMERO DE CONTROL
campo de control BRCA_5523
005 - FECHA Y HORA DE LA ÚLTIMA TRANSACCIÓN
campo de control 20190320205120.0
008 - DATOS DE LONGITUD FIJA--INFORMACIÓN GENERAL
campo de control de longitud fija 040211s1948----gw-a######---#000-0#ger-#
041 ## - CÓDIGO DE LENGUA
Código de lengua del texto/banda sonora o título independiente ger
044 ## - CÓDIGO DEL PAÍS DE LA ENTIDAD EDITORA/PRODUCTORA
Código MARC del país gw
050 #4 - SIGNATURA TOPOGRÁFICA DE LA BIBLIOTECA DEL CONGRESO
Número de clasificación ND652
Número de documento/Ítem .B46 2
-- 1948
100 1# - ENTRADA PRINCIPAL--NOMBRE DE PERSONA
Nombre de persona Bernt, Walther
9 (RLIN) 14102
245 10 - MENCIÓN DE TÍTULO
Título Die Nierderlandischen Maler des 17 Jahrhunderts
Mención de responsabilidad, etc. Walther Bernt ; Einleitung Hans Savermann.
260 ## - PUBLICACIÓN, DISTRIBUCIÓN, ETC.
Lugar de publicación, distribución, etc. Múnich
Nombre del editor, distribuidor, etc. B. F. Bruckmann
Fecha de publicación, distribución, etc. c1948
300 ## - DESCRIPCIÓN FÍSICA
Extensión 3 v.
Otras características físicas il.
Dimensiones 30 cm.
500 ## - NOTA GENERAL
Nota general Incluye índice alfabético y 516 autógrafos
500 ## - NOTA GENERAL
Nota general Edición con cantos dorados
500 ## - NOTA GENERAL
Nota general Ejemplar igual a CDE1
500 ## - NOTA GENERAL
Nota general E106
505 0# - NOTA DE CONTENIDO CON FORMATO
Nota de contenido con formato Contenido: v.I. Ivorwort. Elleitun Achtschellink-Heda. -- v.II. Heem-Rombouts. -- v.III. Romeyn-ZyL
650 14 - PUNTO DE ACCESO ADICIONAL DE MATERIA--TÉRMINO DE MATERIA
Término de materia o nombre geográfico como elemento de entrada Pintores holandeses
9 (RLIN) 14103
650 14 - PUNTO DE ACCESO ADICIONAL DE MATERIA--TÉRMINO DE MATERIA
Término de materia o nombre geográfico como elemento de entrada Pinturas holandesas
9 (RLIN) 13737
700 1# - PUNTO DE ACCESO ADICIONAL--NOMBRE DE PERSONA
Nombre de persona Savermann, Hans
9 (RLIN) 14104
902 ## - CATALOGADOR
Iniciales GFM
942 ## - ELEMENTOS DE PUNTO DE ACCESO ADICIONAL (KOHA)
Fuente del sistema de clasificación o colocación Library of Congress Classification
Tipo de ítem Koha Libros
Holdings
Estado de retiro Estado de pérdida Estado dañado No para préstamo Localización permanente Ubicación/localización actual Fecha de adquisición Número de inventario Total de préstamos Signatura topográfica completa Código de barras Fecha visto por última vez Precio válido a partir de Tipo de ítem Koha
El ejemplar forma parte de la colección y puede ser consultado según las políticas vigentes.       Biblioteca del Museo Franz Mayer (Rogerio Casas-Alatriste) Biblioteca del Museo Franz Mayer (Rogerio Casas-Alatriste) 04/02/2011 E106   ND652 .B46 2 1948 (E106) 5959 22/03/2019 22/03/2019 Libros